top 15 youtuberów 4kwietnia2023 - Statystyki

Ogólne statystyki
  • Ten quiz został rozwiązany 11 razy
  • Średni wynik to 4 z 15
Statystyki odpowiedzi
Hint Odpowiedź % Poprawnych
139m MrBeast
100%
111m PewDiePie
70%
231m T-series
60%
156m Cocomelon
50%
154m SET India
40%
110m Kids Diana Show
20%
95.6m Vlad and Niki
20%
94.1m WWE
20%
105m Like Nastya
10%
79.4m 5-Minute Crafts
0%
74.1m BangtanTV
0%
85.2m BLACKPINK
0%
83.8m Goldnimes Telefilms
0%
78.9m Sony SAB
0%
93.8m Zee Music Company
0%
Nie znaleziono quizów pasujących do podanych kryteriów
Rozkład punktacji
Procent ludzi z każdym wynikiem
Percentyl według liczby udzielonych odpowiedzi
Twoja historia wyników
Nie rozwiązałeś tego quizu